| 000 | 01142aam a2200421a 44500 | ||
|---|---|---|---|
| 008 | 930106s1992 cat | ||
| 017 | _aB-1744-1992 | ||
| 020 | _a8477392382 | ||
| 041 | _acat | ||
| 041 | _beng | ||
| 041 | _bfre | ||
| 041 | _bspa | ||
| 080 | _a796.344(038) | ||
| 110 |
_aTERMCAT _960609 |
||
| 245 |
_aDiccionari de bàdminton _cTERMCAT, Centre de Terminologia |
||
| 260 |
_aBarcelona _bEnciclopèdia Catalana _c1992 |
||
| 300 |
_a83 p. _c20 cm. |
||
| 490 |
_aDiccionaris dels Esports Olímpics; _v20 |
||
| 500 | _aBibliografia: p. 81-83. Indexs castellà, francès i anglès | ||
| 500 | _aCategoria gramatical, arbre de camp | ||
| 500 | _btermcat | ||
| 520 | _a357 | ||
| 546 | _acatalà | ||
| 591 | _aBADMINT | ||
| 592 | _aObra terminològica | ||
| 593 | _aVLG | ||
| 594 | _a3339 | ||
| 650 |
_abàdminton _960781 |
||
| 830 |
_aDiccionaris dels Esports Olímpics; _v20 _966809 |
||
| 901 | _c<1992> | ||
| 902 | _a930106 | ||
| 942 |
_cMO _n0 _2ddc |
||
| 999 |
_c55656 _d55656 |
||